00384nam a2200145Ia 4500008004100000020001400041041001200055082001600067100002000083245005700103260003800160300000800198650001600206700001600222221030s9999 xx 000 0 und d a984057592 aEnglish a105.23bSch aG. P. Schneider 0aElectronic Commercecby G. P. Schneider, J. T. Perry bThomson LearningaSingaporec2002 a408 aBE Computer aJ. T. Perry